<?xml version="1.0" encoding="UTF-8"?>
<record
    xmlns:xsi="http://www.w3.org/2001/XMLSchema-instance"
    xsi:schemaLocation="http://www.loc.gov/MARC21/slim http://www.loc.gov/standards/marcxml/schema/MARC21slim.xsd"
    xmlns="http://www.loc.gov/MARC21/slim">

  <leader>00592nam a2200157Ia 4500</leader>
  <controlfield tag="008">230719s9999    xx            000 0 und d</controlfield>
  <datafield tag="041" ind1=" " ind2=" ">
    <subfield code="a">eng</subfield>
  </datafield>
  <datafield tag="082" ind1=" " ind2=" ">
    <subfield code="a">342.540853</subfield>
    <subfield code="b">NAB</subfield>
  </datafield>
  <datafield tag="100" ind1=" " ind2=" ">
    <subfield code="a">National Association For The Blind Sir Jamshedji Duggan Braille Press</subfield>
    <subfield code="9">203449</subfield>
  </datafield>
  <datafield tag="245" ind1=" " ind2=" ">
    <subfield code="a">Right To Information Act 1995</subfield>
  </datafield>
  <datafield tag="260" ind1=" " ind2=" ">
    <subfield code="c">2009</subfield>
    <subfield code="b">National Association For The Blind Sir Jamshedji Duggan Braille Press</subfield>
  </datafield>
  <datafield tag="300" ind1=" " ind2=" ">
    <subfield code="a">23</subfield>
  </datafield>
  <datafield tag="365" ind1=" " ind2=" ">
    <subfield code="c">Rs.</subfield>
    <subfield code="b">48.00</subfield>
  </datafield>
  <datafield tag="700" ind1=" " ind2=" ">
    <subfield code="a">National Association For The Blind Sir Jamshedji Duggan Braille Press</subfield>
    <subfield code="9">203449</subfield>
  </datafield>
  <datafield tag="906" ind1=" " ind2=" ">
    <subfield code="d">O:0636813-Feb-2019B:13101-Jan-2019</subfield>
    <subfield code="c">GENRL</subfield>
  </datafield>
  <datafield tag="999" ind1=" " ind2=" ">
    <subfield code="c">353644</subfield>
    <subfield code="d">353644</subfield>
  </datafield>
  <datafield tag="952" ind1=" " ind2=" ">
    <subfield code="0">0</subfield>
    <subfield code="1">0</subfield>
    <subfield code="4">0</subfield>
    <subfield code="7">0</subfield>
    <subfield code="a">CCEP</subfield>
    <subfield code="b">CCEP</subfield>
    <subfield code="d">2019-02-12</subfield>
    <subfield code="e">National Association for the Blind</subfield>
    <subfield code="f">GENRL</subfield>
    <subfield code="g">48.00</subfield>
    <subfield code="i">131</subfield>
    <subfield code="l">1</subfield>
    <subfield code="o">342.540853</subfield>
    <subfield code="p">CCEP-B-35</subfield>
    <subfield code="q">2024-07-08</subfield>
    <subfield code="r">2024-07-08 00:00:00</subfield>
    <subfield code="s">2024-07-08</subfield>
    <subfield code="v">48.00</subfield>
    <subfield code="w">2019-01-01</subfield>
    <subfield code="y">BK</subfield>
    <subfield code="z">B00035</subfield>
  </datafield>
</record>
